000 00361 a2200145 4500
005 20250621073215.0
020 _a0-07-282008-X
082 _a345.73 REI
100 _aREID, S. R.
245 _aCriminal Law
250 _a6th Ed.
260 _aBoston,
_bMac Graw Hill,
_c2004.
300 _axxiv, 562p.: ill.; pictures.
_bGlossary & index,
_c24cm.
942 _2ddc
_cBKS
999 _c330
_d330